00943cam a22002775a 45000010009000000050017000090080041000260200018000670200015000850400047001000820017001471000027001642450069001912500020002602600043002803000034003235040051003576500031004086500031004396510010004706530030004807000021005109420008005319990017005399520109005561633605120201128024225.0100716t2011 ctua frb 001 0 eng d a9781439061992 a1439061998 aUKMcUKMdYDXCPdBTCTAdDLCdEG-ScBUEbeng04a621222bSHE1 aShetty, Devdas.91886410aMechatronics system design /cDevdas Shetty and Richard A. Kolk. a2nd ed., SI ed. aStamford :bCengage Learning,cc.2011. axiv, 504 p. :bill. ;c23 cm. aIncludes bibliographical references and index. 7aMechatronics.2BUEsh92630 7aSystem design.2BUEsh9733 2BUEsh bGGENbENGGENcJanuary20181 aKolk, Richard A. 2ddc c25993d25965 00102ddc4070aMAINbMAINc1STd2018-01-23l1o621 SHEp000047158r2025-07-15 00:00:00s2022-07-19yBB